000 01002nam a2200205 i 4500
001 165556
003 ES-MaACL
005 20250901032931.0
008 050825s1832 fr |||| | fre d
040 _aCAM
_bspa
_cCAM
100 1 _aSophianopoulo.
_9132821
245 1 0 _aRelation des épidémies du cholera-morbus observées en Hongrie, Moldavie, Gallicie, et a Vienne en Autriche dans les annés 1831 et 1832
_b: avec une histoire générale de cette maladie, et son traitement préservatif et curatif; avec des notes du Broussais /
_cpar le docteur Sophianopoulo.
260 _aParis :
_bMademoiselle Delaunay libraire :
_bet chez l'auteur,
_c1832 (
_fImprimerie de Lachevardiere)
300 _aIV, 166 p. ;
_c22 cm.
650 7 _aCólera
_2embne
_911143
650 4 _aEpidemias-
_zEuropa-
_y1831-1832.
_9136001
700 1 _aBroussais, François-Joseph-Victor,
_d1772-1838
_9126195
852 _aES-MaACL
_jT-491-F-2
_z-- Enc. hol.
_z-- Enc. en un vol. facticio
999 _c165556
_d165556